000 00713nam a22002055i 4500
001 161141
003 ES-MaACL
005 20251118185316.0
008 041019s1817 it |||| | ita d
040 _aCAM
_bspa
_cCAM
100 1 _aOssian (
_ds. III)
_9130731
245 1 0 _aPoesie di Ossian antico poeta celtico.
260 _aPisa :
_bPresso Niccoló Capurro,
_c1817.
300 _a2 v. (XI, 299; 435 p.) ;
_c19 cm.
490 1 _aOpere dell'abate Melchior Cesaroti pavodano
700 1 _aCesarotti, Melchiore,
_d1730-1808
_9126430
830 0 _aOpere dell'abate Melchior Cesaroti pavodano
_9222086
852 _aES-MaACL
_jC-1385
_z-- Enc. pasta española
_z-- 2 t. en 1 v.
999 _c161141
_d161141